000 00868cam a22002771 4500
999 _c26628
_d26628
001 8920830
003 OSt
005 20170206084109.0
008 750722s1964 ncuac b 000 0 eng
010 _a 64008376
035 _a(OCoLC)1466003
040 _aDLC
_cFJ
_dOCoLC
_dDLC
042 _apremarc
050 0 0 _aNK4340.J7
_bC7
082 _a738.37
100 1 _aCrawford, Jean
_q(Mary Jean)
245 0 0 _aJugtown pottery:
_bhistory and design.
260 _aWinston-Salem,
_bJ.F. Blair,
_c1964.
300 _a127 p.
_billus. (part col.) ports.
_c24 cm.
504 _aBibliography: p. 120-127.
650 0 _aJugtown pottery.
650 0 _aPottery
_zNorth Carolina.
906 _a7
_bcbc
_coclcrpl
_du
_encip
_f19
_gy-gencatlg
942 _2lcc
_cBOOKS
_hNK 4340 .J7C7 1964